LEADER 01532nam0 2200349 i 450 001 VAN0123300 005 20220310115208.38 017 70$2N$a9783319281179 100 $a20190912d2017 |0itac50 ba 101 $aeng 102 $aCH 105 $a|||| ||||| 200 1 $aFillers for Polymer Applications$fRoger Rothon editor 210 $aCham$cSpringer$d2017 215 $aXI, 489 p.$cill.$d24 cm 410 1$1001VAN0123302$12001 $aPolymers and Polymeric Composites: A Reference Series$1210 $aCham$cSpringer$d2016- 620 $aCH$dCham$3VANL001889 676 $a540$cChimica generale$v22 676 $a530.42$cFisica dello stato liquido$v22 676 $a620.192$cPolimeri$v22 676 $a620.14$cCeramica e materiali affini$v22 676 $a532.05$cDinamica$v22 702 1$aRothon$bRoger$3VANV094688 712 $aSpringer $3VANV108073$4650 801 $aIT$bSOL$c20240614$gRICA 856 4 $uhttps://link.springer.com/referencework/10.1007/978-3-319-28117-9$zE-book - Accesso al full-text attraverso riconoscimento IP di Ateneo, proxy e/o Shibboleth 899 $aBIBLIOTECA DEL DIPARTIMENTO DI SCIENZE E TECNOLOGIE AMBIENTALI BIOLOGICHE E FARMACEUTICHE$1IT-CE0101$2VAN17 912 $fN 912 $aVAN0123300 950 $aBIBLIOTECA DEL DIPARTIMENTO DI SCIENZE E TECNOLOGIE AMBIENTALI BIOLOGICHE E FARMACEUTICHE$d17CONS e-book 2111 $e17BIB2111/35 35 20190920 996 $aFillers for Polymer Applications$91560408 997 $aUNICAMPANIA